| 000 | 00820nam a22002537a 4500 | ||
|---|---|---|---|
| 003 | EG-ScBUE | ||
| 005 | 20220905105043.0 | ||
| 008 | 120424s2009 ua a f 000 0 eeng d | ||
| 040 |
_aEG-ScBUE _beng _erda _cEG-ScBUE _dEG-ScBUE |
||
| 082 | 0 | 4 |
_a610.7362 _bISM _222 |
| 100 | 1 |
_926243 _aIsmail, Mohamed, _eauthor. |
|
| 245 | 1 | 0 |
_aPediatrics / _cMohamed Ismail, MD, lecturer of pediatrics, Cairo University for Medical Students. |
| 264 | 1 |
_aCairo : _b[Mohamed Ismail], _c2009. |
|
| 300 |
_a2 volumes : _bcolor illustrations ; _c24 cm |
||
| 336 |
_2rdacontent _atext _btxt |
||
| 337 |
_2rdamedia _aunmediated _bn |
||
| 338 |
_2rdacarrier _avolume _bnc |
||
| 505 | 0 | _aPart 1 -- Part 2. | |
| 650 | 7 |
_929384 _aPediatric Nursing. _2BUEsh |
|
| 651 | _2BUEsh | ||
| 653 | _bNNUR | ||
| 655 |
_vReading book _934232 |
||
| 942 |
_2ddc _cBB |
||
| 999 |
_c16694 _d16694 |
||